000
00254nam a2200109 a 4500
005
20140414132043.0
008
110325s19uu xx 00 eng d
050
_a
BB
_b
D14 2009
100
_a
Almario, Virgilio
245
_a
Si Daginding.
999
_c
113904
_d
113904